000
00297nam a22001337a 4500
008
181205b xxu||||| |||| 00| 0 eng d
020
_a
0618608540
041
_a
eng
080
_2
2nd
_a
510
100
_a
36
101
_a
MAT
245
_a
Mathematical Excursions
_c
Aufmann,R.N
942
_2
udc
_c
BK
999
_c
52887
_d
52887